Financial Management Theory and Practice

Gespeichert in:
Bibliographische Detailangaben
1. Verfasser: Brigham, Eugene F.
Weitere Verfasser: Gapenski, Louis C.
Format: Buch
Sprache:Englisch
Veröffentlicht: Fort Worth The Dryden Press 1994
Ausgabe:7th ed.
Schlagworte:
Tags: Tag hinzufügen
Keine Tags, Fügen Sie das erste Tag hinzu!

MARC

LEADER 00000nam a2200000 4500
001 c014239
005 20221214074313.2
020 |a 0-03-098066-6 
041 0 |a eng 
044 |a US 
245 1 0 |a Financial Management  |b Theory and Practice  |c Eugene F. Brigham, Louis C. Gapenski 
250 |a 7th ed. 
264 1 |a Fort Worth  |b The Dryden Press  |c 1994 
300 |a 1135 s. 
610 2 0 |a manažment finančný 
610 2 0 |a plánovanie finančné 
610 2 0 |a rozhodovanie finančné 
610 2 0 |a kapitál finančný 
610 2 0 |a financie 
100 1 |a Brigham, Eugene F. 
700 1 |a Gapenski, Louis C.